Countries A-Z East of London - Statistics

General Stats
  • This quiz has been taken 82 times
    57 since last reset
  • The average score is 18 of 24
Answer Stats
Letter Longitude where you meet the country Country % Correct
O 52°00′E Oman
93%
Q 50°45′E Qatar
93%
F France
91%
Y 41°49′E Yemen
91%
R 11°10′E Republic of the Congo
87%
Z 22°00′E Zambia
87%
A Algeria
85%
S Spain
85%
D 8°05′E Denmark
83%
U United Kingdom
83%
H 16°8′E Hungary
81%
I 6°37′E Italy
76%
J 34°55′E Jordan
74%
K 20°3′E Kosovo
74%
L 5°44′E Luxembourg
72%
M Mali
72%
N 0°07′E Niger
69%
V 12°26′E Vatican City
67%
B Burkina Faso
65%
G Ghana
65%
P 14°07′E Poland
63%
T Togo
63%
E 5°37′E Equatorial Guinea
46%
C 8°45′E Cameroon
44%
No matching quizzes found
Score Distribution
Percent of People with Each Score
Percentile by Number Answered
Your Score History
You have not taken this quiz since the last reset